[Event "ROM-chT"]
[Site "Romania"]
[Date "2002.??.??"]
[Round "3"]
[White "Biro, Sandor"]
[Black "Pancu, Gheorghe"]
[Result "1/2-1/2"]
[WhiteElo "2322"]
[BlackElo "2293"]
[PlyCount "74"]
[EventDate "2002.??.??"]
[EventType "team"]
[EventRounds "5"]
[EventCountry "ROU"]
[SourceTitle "EXT 2008"]
[Source "ChessBase"]
[SourceDate "2007.11.25"]
[SourceVersion "1"]
[SourceVersionDate "2007.11.25"]
[SourceQuality "1"]

1. e4 Nf6 2. e5 Nd5 3. c4 Nb6 4. c5 Nd5 5. Nc3 Nxc3 6. dxc3 d6 7. Bc4 Nc6 8. Nf3 dxe5 9. Qxd8+ Nxd8 10. Nxe5 f6 11. Nf3 e5 12. Be3 Be6 13. Bb5+ Bd7 14. Bxd7+ Kxd7 15. 0-0 Ne6 16. Rfd1+ Kc8 17. b4 Be7 18. Nd2 a5 19. Nc4 axb4 20. cxb4 Ra4 21. a3 Rd8 22. Rdc1 Kb8 23. c6 Nd4 24. Bxd4 Rxd4 25. Nb2 Ra6 26. cxb7 Kxb7 27. Kf1 f5 28. Nc4 Bf6 29. Na5+ Kc8 30. Nc6 Rd2 31. Ke1 Rb2 32. a4 e4 33. Ra3 Bg5 34. Rc4 Rb1+ 35. Ke2 Rb2+ 36. Ke1 Rb1+ 37. Ke2 Rb2+ 1/2-1/2